Szczegóły MARC21

Allgemeine Betriebswirtschafts- und Managementlehre : das Unternehmen im Spannungsfeld zwischen ökonomischen, sozialen und ö kologischen Interessen /

005 -DATA I CZAS OSTATNIEJ MODYFIKACJI [,]
    • @
    • pole kontrolne
    • 20070315155141.9
020 -Międzynarod. znormalizowany nr książki - ISBN [ , ]
    • a
    • Numer ISBN
    • 3478398746 Find
040 -Instytucja sporządzająca opis [ , ]
    • a
    • Instytucja, która sporządziła opis (NP)
    • SZCZ U
    • c
    • Instytucja, która sporządziła rekord (NP)
    • SZCZ U
041 -Język dokumentu [0, ]
    • a
    • Język tekstu (P)
    • niemiecki
    • h
    • Język tekstu oryginalnego i/lub pośredniego (P)
    • niemiecki
942 -Rodzaj dokumentu [ , ]
    • c
    • Rodzaj dokumentu
    • Książka
100 -Hasło główne - nazwa osobowa [ , ]
    • a
    • Nazwa osobowa (NP)
    • HOPFENBECK, WALDEMAR
245 -Strefa tytułu i oznaczenia odpowiedzialności [1, ]
    • a
    • Tytuł
    • Allgemeine Betriebswirtschafts- und Managementlehre : Find
    • b
    • Ciąg dalszy tytułu (NP)
    • das Unternehmen im Spannungsfeld zwischen ökonomischen, sozialen und ö kologischen Interessen / Find
    • c
    • Pozostałe elementy strefy tytułu i oznaczenia odpowiedzialności (NP)
    • Waldemar Hopfenbeck.
250 -Strefa wydania [ , ]
    • a
    • Oznaczenie wydania (NP)
    • 13., vollst. überarb. und erw. Aufl.
260 -Strefa adresu wydawniczego [ , ]
    • a
    • Miejsce wydania (P)
    • Landsberg/Lech :
    • b
    • Nazwa wydawcy (P)
    • "Moderne Industrie",
    • c
    • Data wydania (P)
    • cop.1989.
300 -Strefa opisu fizycznego [ , ]
    • a
    • Określenie formy książki i/lub objętość (NP)
    • 1172 s. :
    • b
    • Oznaczenie ilustracji (NP)
    • wykr. :
    • c
    • Format (NP)
    • 25 cm.
500 -Uwaga ogólna [ , ]
    • a
    • Uwaga ogólna (NP)
    • Bibliogr. Ind
080 -Uniwersalna Klasyfikacja Dziesiętna [ , ]
    • a
    • Symbol klasyfikacji
    • 658.1/.5.01=30
080 -Uniwersalna Klasyfikacja Dziesiętna [ , ]
    • a
    • Symbol klasyfikacji
    • :338.4=30
080 -Uniwersalna Klasyfikacja Dziesiętna [ , ]
    • a
    • Symbol klasyfikacji
    • :65.012.2=30
080 -Uniwersalna Klasyfikacja Dziesiętna [ , ]
    • a
    • Symbol klasyfikacji
    • :504.03=30
980 -Symbol UKD [ , ]
    • a
    • UKD
    • 658.1/.5.01:338.4:65.012.2:504.03]=30
920 -ISBN [ , ]
    • a
    • ISBN
    • 3-478-39874-6 Find
Numer inwentarzowy Sygnatura Status udost. Data inwentaryzacji Lokalizacja
S.89442FUNDACJA POLSKO-NIEMIECKA-22002-04-08BE
S.89443 -62002-04-08BE
S.89444 -62002-04-08BE
S.89446FUNDACJA POLSKO-NIEMIECKA-62002-04-08BE
S.89445 -62002-04-08BE
S.88891 -62002-01-23BE
S.88892 22002-01-23BE
S.88893 22002-01-23BE
S.87808FUNDACJA POLSKO-NIEMIECKA-32001-04-09BE